IB Computer Science Topic 3 - Networks - Statistics

General Stats
  • This quiz has been taken 393 times
    388 since last reset
  • The average score is 28 of 89
Answer Stats
Definition Term % Correct
Connects computer systems within small area such as house, office building, or school, allowing use of peripheral devices such as printers and external hard drives by connected computer systems. Local Area Network (LAN)
87%
Connects computer systems within large geographical area, such as cities, countries, or network of contries. Wide Area Network (WAN)
84%
More sophisticated than above two, can join multiple networks and acts as intermediary between networks for effective and efficient data exchange between devices Router
77%
Global network of a large array of computers and networks connected together Internet
74%
Internet
74%
"Bus" connects all devices through common cable {Bus} topology
70%
Makes "tunnelled" network connection through Internet or any public network. Enables device to exchange and access data across Internet as if it were directly connected to a private network. Virtual Private Network (VPN)
70%
Computer system or software application that provides service to other computer systems on same network Server
69%
Similar to above but wireless; easier for laptop and mobile devices but less secure Wireless Local Area Network (WLAN)
69%
Network
66%
Nodes/Computers are connected to central node (computer or hub) {Star} topology
66%
Requests service from above connected to same network. Client
62%
Like above but knows which port to send data to Switch
62%
Connection point for devices on a single network that transfers data from one device to all other connected devices, slowing down network Hub
60%
Interconnects devices centred around one person's workspace, maximum 10m range. Personal Area Network (PAN)
57%
International rules that ensure data transfer or communication between systems. Protocol
56%
Application
55%
Application
55%
Physical
55%
Nodes/Computers connected in a circle; no central node {Ring} topology
55%
Handles system resources with responsibility for managing all protocols, hardware, and applications to cooperate so that network can function properly Operating System (OS)
49%
Transport
49%
Transport
49%
Portion of message that is transmitted through network. Has data such as check digits and destination address. Data packet
48%
Collection of private computer networks within company, school, or organization, whose main purpose is to facilitate communication between individuals or work groups and to improve data sharing. Intranet
48%
Uses distributed network architecture where all computer systems (nodes or peers) in network are decentralized and are clients and servers at the same time. Peer-to-Peer (P2P)
48%
Partitions LAN Virtual Local Area Network (VLAN)
48%
Data link
44%
Most widely used example of above. Reference model that aims to facilitate communication across variety of systems. Open Systems Interconnection (OSI) model
44%
Allows large storage devices to be accessed by servers conveniently Storage Area Network (SAN)
44%
Presentation
42%
Session
41%
Consists of websites and webpages, and support for services such as email and file transfer World Wide Web (WWW)
41%
Utilizes above to selectively authorize users to specific LAN(s) or WAN(s); to everyone else, LAN or WAN in question is private. Extranet
39%
Carries beam of light, used for data transmission and telephone lines. Higher speeds with high security but very expensive. Fibre optic cable
35%
Reduces number of bits by identifying and then eliminating statistical redundancy. No loss of information. Lossless compression
31%
Some loss of information, no way to get original file back. Examples: JPG, MPEG2 Lossy compression
31%
Fourth generation of mobile telecommunication technology; released after above. Used for mobile Internet access to laptops, smartphones, etc. 4G
30%
Uses microwave radio to exchange data at very low power levels. Frequencies change regularly. Bluetooth
30%
Hierarchical protocol model that models and represents all functionality required for successful communication between users. Transfer Control Protocol/Internet Protocol (TCP/IP)
30%
Third generation of mobile telecommunication technology. Mobile networking and telecommunications technology used in wireless telephony, GPS and location based services, mobile Internet access, video calls, and mobile TV. More secure than 2G. 3G
29%
Network security system that determines what data comes in/goes out of network or computer Software firewall
29%
Theoretical speed of data in media Bandwidth
28%
Necessary to prevent unauthorized data access during Internet use. Uses complex mathematical algorithms and keys to render message incomprehensible to unauthorized people. Two categories below. Encryption
28%
Fifth generation of mobile telecommunication technology. Not yet publicly available but aims to be faster than previous generations. 5G
27%
Process to determine error Error {checking}
26%
Most common cabling in networks Copper cable
25%
Reduction of bits by encoding data using fewer bits than original file/representation Data compression
25%
Cheap to install, consists of two copper conductors. Used in networks as well as carrying TV signals. Coaxial cable
22%
Allows wireless connection to Internet Modem
22%
Provided by wireless router, allows wireless data transfer between device and network. Wireless Access Point (WAP)
22%
Based on this, networks permit access to certain devices. Consists of 12 digits or letters e.g. 1a:2b:3c:4d:5e:6f; what every network card has when manufactured. MAC address
20%
Application software used to find, retrieve, and display content on WWW, including web pages, text, images, audio, videos, etc. Web browser
20%
Specifies set of protocols for accessing information over mobile wireless network, e.g. Internet access, email exchange. Supported by most operating systems Wireless Application Protocol (WAP)
20%
When two or more network competing actions are waiting for other to finish but neither does Deadlock
19%
Provide common international "language" that enables compatibility for all computer systems globally Standards
18%
Accuracy of data following input, transmission, storage, or processing Data integrity
17%
Type of above, as well as standard for wireless communication of high-speed data for smartphones. Goal: to be fast and to have large capacity Long-Term Evolution (LTE)
17%
Ability to repair error Error {correction}
16%
Communication method where file is divided into packets before transmission. Each packet is sent to destination via different routes. Delays are minimal. Packet switching
16%
Created by slowest segment of network that affects above Bottleneck
15%
Extra digit added to numerical data Check digit
15%
Two wires twisted with each other. Easy and cheap to install Unshielded Twisted Pair (UTP) cable
14%
Another type of above-above. Provides portable mobile broadband connectivity across cities or countries through many devices. Relatively low cost Worldwide Interoperability for Microwave Access (WiMAX)
14%
When request on network resources exceeds capacity Congestion
13%
Required for devices to connect to wireless network Network Card
13%
Actual transfer rate of data. Affected by interference, traffic, number of connected devices, errors, etc. Throughput
13%
Used extensively for mobile telephone networks and LANs. Information transmitted through air. High bandwidth but lower than cables. Microwave radio
11%
Public key for encryption and private key for decryption Public-key encryption
11%
Took over above as interim security measure. Uses Advanced Encryption Standard (AES) block cipher. Considered best protection but strong password still recommended Wi-Fi Protected Access (WPA/WPA2)
11%
Slowing down data flow rate in order to prevent overload of resources due to limited memory and bandwidth in network infrastructures Flow control
10%
Only for very short distances, cannot pass through objects. Directional. Infrared
10%
Like above but pairs are wrapped. More difficult to install. Shielded Twisted Pair (STP)
10%
Protocol that allows server to automatically assign IP address to client device. Very effective and convenient. Dynamic Host Configuration Protocol (DHCP)
8%
Network access
7%
Uses microwave signals Satellite
7%
Same key for encryption and decryption Symmetric-key encryption
7%
Significantly increase effective communication area of wireless network. Fixed, optional, or removable. Wireless antennas
7%
Most common data encryption technique, provides data confidentiality. Adds processing overheads that slow down wireless connection. Cracking is possible but novice users cannot do so. Offers interoperability with older devices/access to legacy wireless device. Wireless Equivalent Protocol (WEP)
7%
Connects to router or access point Wireless repeater
7%
Transfer rate of usable data Goodput
6%
"Name" of WLAN. Maximum 32 characters, case-sensitive. Service Set Identification (SSID)
6%
Identity of sender has been validated. Can be proven by data signatures. Source integrity
6%
Operates with various radio technologies. RFID
4%
Network security protocol specially designed to allow novice and residential users to securely operate wireless network. Requires router and compatible devices. Has known security weaknesses. Wireless Protected Setup (WPS)
3%
Wireless computer communication with lasers Free space optics
2%
Operates or controls hardware of network card, acting as a translator to device. Network Interface Card driver
2%
Includes all software that prevents unauthorized access, use, disclosure, disruption, etc. Includes access, but not limited to, control, firewall, anti-spyware, anti-tamper, antivirus. Security software
2%
Can measure data and parameters such as temperature, sound, and pressure for physical or environmental reasons such as sampling, security, health-care monitoring, and underware measurements. Sensor networks
2%
No matching quizzes found
Score Distribution
Percent of People with Each Score
Percentile by Number Answered
Your Score History
You have not taken this quiz since the last reset